00240nam a2200097Ia 4500008004100000082001200041100001600053245004000069260001800109600001500127241002s9999 xx 000 0 und d a128 HUM aHume, David 2aA Treatise of Human Nature Book One aLondon:c1967 aPhilosophy